| 000 | 00648nam a2200205 i 4500 | ||
|---|---|---|---|
| 001 | 43678 | ||
| 003 | ES-MaACL | ||
| 005 | 20230906160846.0 | ||
| 007 | t| | ||
| 008 | 030318s1887 sp ||||1| spa d | ||
| 111 | 2 |
_aExposicion Nacional de Bellas Artes ( _d1887. _cMadrid) _9152257 |
|
| 245 | 1 | 0 | _aCatálogo de la exposición nacional de Bellas Artes de 1887. |
| 260 |
_aMadrid : _bF. Fernández, _c1887. |
||
| 300 |
_a252 p. ; _c17 cm. |
||
| 650 | 4 |
_aArte español- _yS.XIX- _vExposiciones. _9138900 |
|
| 655 | 7 |
_2tgfbne _9193628 _aCatálogos de exposiciones |
|
| 852 |
_aES-MaACL _jD-1868 |
||
| 942 | _2udc | ||
| 999 |
_c43678 _d43678 |
||